000 00261nam a22001217a 4500
008 180921b xxu||||| |||| 00| 0 eng d
041 _aeng
080 _a316
100 _a50
101 _aSOC
245 _aProgress and Disillusion
_cAron, R
942 _2udc
_cBK
999 _c48211
_d48211